Die neuesten Bearbeitungen des württembergischen Staatsrechts /

Saved in:
Bibliographic Details
Main Author: Gaupp, Ludwig, 1832-1901.
Format: Book
Language:German
Published: Freiburg i[m] B[reisgau] : J.C.B. Mohr, 1885.
Subjects:
Tags: Add Tag
No Tags, Be the first to tag this record!
LEADER 00969cam a2200241Ia 4500
001 005169727-0
005 20020606095253.2
008 810514s1885 gw b 000 0 ger d
035 0 |a ocm07419345 
040 |a NDD  |c NDD  |d HVL 
043 |a e-gx--- 
100 1 |a Gaupp, Ludwig,  |d 1832-1901. 
245 1 4 |a Die neuesten Bearbeitungen des württembergischen Staatsrechts /  |c von L. Gaupp. 
260 |a Freiburg i[m] B[reisgau] :  |b J.C.B. Mohr,  |c 1885. 
300 |a 60 p. ;  |c 21 cm. 
500 |a Includes bibliographical references. 
504 |a Includes bibliographical references. 
651 0 |a Württemberg (Germany)  |x Politics and government. 
650 0 |a Constitutional law  |z Germany  |z Württemberg. 
651 0 |a Württemberg (Germany)  |x Constitutional law. 
776 0 8 |i Online version:  |a Gaupp, Ludwig, 1832-1901.  |t Neuesten Bearbeitungen des württembergischen Staatsrechts.  |d Freiburg i[m] B[reisgau] : J.C.B. Mohr, 1885  |w (OCoLC)903081170 
988 |a 20020608 
906 |0 OCLC